Complex and large systems and our ability to manage them diplomová práca

Enregistré dans:
Détails bibliographiques
Auteur principal: Szarková, Ľudmila
Collectivité auteur: Ekonomická univerzita v Bratislave. Ústav medzinárodných programov
Autres auteurs: Hanák, Róbert, 1979-
Format: Livre
Langue:anglais
Publié: Bratislava 2011
Tags: Ajouter un tag
Pas de tags, Soyez le premier à ajouter un tag!

MARC

LEADER 00000nam a2200000 4500
001 0149852
005 20240318114201.0
041 0 |a eng 
044 |a SK 
245 1 0 |a Complex and large systems and our ability to manage them  |b diplomová práca  |c Ľudmila Szarková ; školiteľ: Róbert Hanák 
264 1 |a Bratislava  |c 2011 
300 |a 67 s. 
100 1 |a Szarková, Ľudmila 
700 1 |a Hanák, Róbert, 1979- 
710 2 |a Ekonomická univerzita v Bratislave. Ústav medzinárodných programov